01297cam a2200265 i 45000010005000000030008000050050017000130080041000300200017000710200024000880350018001120400037001300410008001670820020001751110094001952450262002892600142005513000033006935000110007265040053008366500040008897000040009297000028009697000034009979717BD-RjUL20211208234826.0140121s1980 ne a b 101 0 eng  a0444418563 : a0444416994 (series) a(BD-RjUL)9762 aDLCcDLCdDLCdICUdBD-RjULbeng aeng00a539.6bEUS 19802 aEuropean Congress on Molecular Spectroscopyn(14th :d1979 :cFrankfurt am Main, Germany)10aSpectroscopy in chemistry and physics :bmodern trends : a collection of the invited papers /cpresented at the XIVth European Congress on Molecular Spectroscopy, Frankfurt/Main, 3-7 September 1979 ; edited by F. J. Comes, A. Müller, W. J. Orville-Thomas. aAmsterdam ;aNew York :bElsevier Scientific Pub. Co. ;aNew York :bdistributors for the U.S. and Canada, Elsevier/North Holland,c1980. aix, 342 p. :bill. ;c25 cm. a"These papers have been published as a special issue of Journal of molecular structure, volume 59, 1980." aIncludes bibliographical references and indexes. 0aMolecular spectroscopyxCongresses.1 aComes, F. J.q(Franz Josef),d1928-1 aMüller, Achim,d1938-2 aOrville-Thomas, W. J.,d1921-